000 00890nam a22002175i 4500
001 169164
003 ES-MaACL
005 20250815103632.0
008 080820s1877 sp |||| | spa d
080 _a511
100 1 _aJiménez, Eulogio.
_9138236
245 1 0 _aTratado elemental de la teoría de los números /
_cpor Eulogio Jiménez.
260 _aMadrid :
_b[s.n.],
_c1877 (
_fImpr. de la viuda de Aguado é Hijo)
300 _a687 p. ;
_c27 cm.
490 1 _aMemorias de la Real Academia de Ciencias Exactas, Físicas y Naturales de Madrid ;
_v7
650 1 4 _aNúmeros, Teoría de los.
_9138233
710 2 _aReal Academia de Ciencias Exactas, Físicas y Naturales de España.
_9175635
830 0 0 _aMemorias de la Real Academia de Ciencias Exactas, Físicas y Naturales de Madrid
_v7
_9222794
852 _aES-MaACL
_jF-11499
_9R.143621
999 _c169164
_d169164